Cost Accounting (Theory & Practice) (Record no. 670)

MARC details
000 -LEADER
fixed length control field 00386nam a22001577a 4500
005 - DATE AND TIME OF LATEST TRANSACTION
control field 20180613171758.0
008 - FIXED-LENGTH DATA ELEMENTS--GENERAL INFORMATION
fixed length control field 160512b xxu||||| |||| 00| 0 eng d
041 ## - LANGUAGE CODE
Language code of text/sound track or separate title eng
082 ## - DEWEY DECIMAL CLASSIFICATION NUMBER
Item number 1738
Classification number 657.42
100 ## - MAIN ENTRY--AUTHOR NAME
Personal name Banerjee, Bhabatosh
245 ## - TITLE STATEMENT
Title Cost Accounting (Theory & Practice)
260 ## - PUBLICATION, DISTRIBUTION, ETC. (IMPRINT)
Place of publication New Delhi
Name of publisher PHI,
Year of publication 2006
300 ## - PHYSICAL DESCRIPTION
Number of Pages 972
650 ## - SUBJECT ADDED ENTRY--TOPICAL TERM
Topical Term Management
942 ## - ADDED ENTRY ELEMENTS (KOHA)
Koha item type Books
Holdings
Lost status Damaged status Collection code Home library Current library Shelving location Date acquired Cost, normal purchase price Full call number Accession Number Koha item type
    MANAGEMENT JRU Library JRU Library SHELF -72 - L 12/05/2016 395.00 657.42 1738 Books
    Reference JRU Library   SHELF-28-I 12/05/2016 395.00 657.42 1739 Books
    MANAGEMENT JRU Library JRU Library SHELF -72 - L 12/05/2016 395.00 657.42 1740 Books